000 00863nam a2200253Ia 4500
003 OSt
005 20220923225215.0
006 a|||||r|||| 00| 0
007 ta
008 220922b |||||||| |||| 00| 0 pan d
020 _c200
024 _a260,367
037 _b643, 22/03/2012, H.K. Prakashan
_cTextual
040 _aARTS
_cARTS
_bpan
041 _2pan
_apan
082 _aO153,3N09:g, P6
100 _aਬਲਕਾਰ ਸਿੰਘ
245 0 _aਸੋਹਣ ਸਿੰਘ ਸੀਤਲ ਦੇ ਨਾਵਲਾਂ ਦਾ ਨਾਵਲੀ ਅਵਚੇਤਨ
260 _aਚੰਡੀਗੜ੍ਹ
_b ਲੋਕਗੀਤ
_c2006
300 _a168ਪੰ
_ccm.
650 _aਪੰਜਾਬੀ ਸਾਹਿਤ
942 _hO153,3N09:g, P6
_cTEXL
_2CC
999 _c376743
_d376743